00598nam a22001937a 450000500170000001000130001702000220003003500130005203700160006508200180008110000210009924500940012026000580021427000430027230000230031550000200033865000250035865000210038320170124110137.0 aA-853462 c00.00a0873892250 aA-853462 bCen Lib/Ret a658.4036bFOR aForsha, Harry I. aShow me :cby Harry I. Forsha bthe complete guide to storyboarding and problem solving / aNew DelhibTata mcgraw hill publishing company c1995 bNew Delhia4/12, Asaf ali roade110002 axv,300p.c21cm(Hb) aIncludes index  aQuality improvement  aProblem solving